000 01508nam a2200385 i 4500
001 57254
003 CO-BoRNBP
005 20250606163721.0
007 ta
008 210818s2015 ck jr 000 fdspa d
020 _a9789584243973
020 _a9584243977
040 _aCO-BoRNBP
_bspa
_erda
_cCO-BoRNBP
041 0 _aspa
084 _aN ALV9
100 1 _aÁlvarez, Juan
_d1978-
_eautor
_944568
245 1 0 _aNunca te quise dar en la jeta, Javier
_cJuan Álvarez
250 _aPrimera edición
264 1 _aBogotá, Colombia
_bSeix Barral
_c2015
300 _a200 páginas
_c23 cm
336 _atexto
_btxt
_2rdacontent
337 _asin mediación
_bn
_2rdamedia
338 _avolumen
_bnc
_2rdacarrier
490 0 _aBiblioteca Breve
520 _aDe la vida íntima de una familia de clase media bogotana enfrentada por los roces brutales de sus miembros, a las vicisitudes de la hija de un líder guerrillero, Falsas alarmas destaca en su humor y su clara voluntad de contar una historia.
521 _aRecomendado para un público mayor de 15 años
545 _aIncluye datos biográficos del autor en la solapa
650 0 4 _aDelincuencia juvenil
_vNovela
_2LEMB
_960126
650 0 0 _aNovela juvenil colombiana
_ySiglo XX
_2LEMB
_91584
650 0 0 _aProblemas sociales
_vNovela
_2LEMB
_960127
650 0 4 _aVida cotidiana
_vNovela
_2LEMB
_960128
650 0 0 _aLiteratura Juvenil Colombiana
_ySiglo XX
_2LEMB
_91585
650 0 0 _aAutores colombianos
_ySiglo XX
_2LEMB
_9428
942 _2loc
_cBKLIT
999 _c57254
_d57254